[Event "Dundee & Angus op Minor"]
[Site "Dundee"]
[Date "2014.10.11"]
[Round "3"]
[White "Mathieson, Robert"]
[Black "McKay, Jonathan"]
[Result "0-1"]
[WhiteElo "1077"]
[BlackElo "703"]
[PlyCount "100"]
[EventDate "2014.10.10"]
[EventType "swiss"]
[EventRounds "5"]
[EventCountry "SCO"]
[SourceTitle "EXT 2017"]
[Source "ChessBase"]
[SourceDate "2016.10.25"]
[SourceVersion "1"]
[SourceVersionDate "2016.10.25"]
[SourceQuality "1"]

1. e4 c5 2. Bc4 d6 3. c3 Nf6 4. d3 d5 5. Bb5+ Bd7 6. Bxd7+ Nbxd7 7. exd5 Nxd5 8. Nf3 N7f6 9. 0-0 g6 10. Bg5 Bg7 11. Qb3 Nb6 12. Ne5 Qd5 13. Qxd5 Nbxd5 14. Nd2 0-0 15. Bxf6 Nxf6 16. Ndf3 Rad8 17. Rad1 Rd6 18. Nc4 Rd5 19. Ne3 Rd7 20. d4 cxd4 21. Nxd4 Ne4 22. Nec2 Rfd8 23. f3 Nc5 24. b3 Bxd4+ 25. Nxd4 e5 26. h3 exd4 27. cxd4 Rxd4 28. Rc1 Ne6 29. Rc2 Rd2 30. Rfc1 Rxc2 31. Rxc2 Kf8 32. Kh2 Ke7 33. g4 g5 34. Kg3 Rd7 35. h4 h6 36. hxg5 hxg5 37. Rc4 Rc7 38. Ra4 b6 39. b4 Kd6 40. b5 Kc5 41. Re4 Kxb5 42. a4+ Kc5 43. Re1 Kb4 44. Rb1+ Kxa4 45. Ra1+ Kb5 46. Rb1+ Ka6 47. Ra1+ Kb7 48. Ra2 b5 49. Kf2 Kb6 50. Ke2 a6 0-1